| 000 | 004510000a22001690004500 | ||
|---|---|---|---|
| 003 | MACL | ||
| 005 | 20160105134146.0 | ||
| 008 | 160105b xxu||||| |||| 00| 0 eng d | ||
| 040 |
_aMACL _cMACL |
||
| 041 | _aEnglish | ||
| 082 | _a821/HOP | ||
| 100 |
_aHope, Laurence _928011 |
||
| 245 |
_aThe Garden of Kama _bAnd Other Love Lyrics from India |
||
| 260 |
_bWilliam Heinemann Ltd _c1908 _aLondon |
||
| 650 |
_aPoetry _928012 |
||
| 942 |
_cBK _k821/HOP _2ddc |
||
| 999 |
_c39292 _d39292 |
||